| 000 | 00422nmm a22001577a 4500 | ||
|---|---|---|---|
| 005 | 20220620083856.0 | ||
| 008 | 150728b xxu||||| |||| 00| 0 spa d | ||
| 041 | _aspa | ||
| 082 | _aMD 222 | ||
| 100 |
_aZúñiga Ramírez, Ethel _94468 |
||
| 245 | _aInforme de Práctica Supervisada realizado en el Laboratorio Dentalab | ||
| 260 | _c2014 | ||
| 650 |
_aCOSTA RICA _963834 |
||
| 650 |
_aCROMO COBALTO _963835 |
||
| 942 | _cIP | ||
| 999 |
_c6912 _d6912 |
||